| 000 | 02608pam a2200385 i 4500 | ||
|---|---|---|---|
| 001 | BK0026932154 | ||
| 003 | DLC | ||
| 005 | 20210602131052.0 | ||
| 008 | 210305s2021 nyu 000 1 eng | ||
| 010 | _a2021008746 | ||
| 020 |
_a9781250257628 : HRD _c26.99 |
||
| 020 |
_a125025762X : HRD _c26.99 _q(hardcover) _z9781250257635 _q(ebook) |
||
| 037 |
_bSt Martins Pr, C/O Mps 16365 James Madison Hwy Us Hwy 15, Gordonsville, VA, USA, 22942, (212)6745151 _nSAN 631-5011 |
||
| 040 |
_aDLC _beng _erda _cDLC _dGCmBT |
||
| 050 | 0 | 0 |
_aPS3603.A4535 _bD58 2021 |
| 082 | 0 | 0 |
_a813/.6 _223 |
| 092 | _a813.6000 | ||
| 100 | 1 |
_aCameron, W. Bruce, _eauthor. _949316 |
|
| 245 | 1 | 2 |
_aA dog's courage : _ba dog's way home novel / _cW. Bruce Cameron. |
| 250 | _aFirst edition. | ||
| 264 | 1 |
_aNew York : _bForge, _c2021. |
|
| 300 |
_a282 pages ; _c22 cm |
||
| 336 | _atext | ||
| 337 | _aunmediated | ||
| 338 | _avolume | ||
| 500 | _a"A Tom Doherty Associates book." | ||
| 520 |
_a"#1 New York Times bestselling author W. Bruce Cameron once again captures the bravery and determination of a very good dog in the gripping sequel to A Dog's Way Home, the acclaimed novel that inspired the hit movie! Bella was once a lost dog, but now shelives happily with her people, Lucas and Olivia, only occasionally recalling the hardships in her past. Then a weekend camping trip turns into a harrowing struggle for survival when the Rocky Mountains are engulfed by the biggest wildfire in American history. The raging inferno separates Bella from her people and she is lost once more. Alone in the wilderness, Bella unexpectedly finds herself responsible for the safety of two defenseless mountain lion cubs. Now she's torn between two equally urgent goals. More than anything, she wants to find her way home to Lucas and Olivia, but not if it means abandoning her new family to danger. And danger abounds, from predators hunting them to the flames threatening at every turn. Can Bella ever get back to where she truly belongs? A Dog's Courage is a moving tale of loyalty and the constant heart of one devoted dog - brought vividly to life with a keen understanding of what makes all dogs so special"-- _cProvided by publisher. |
||
| 650 | 0 |
_aDogs _vFiction. _95674795 |
|
| 650 | 0 |
_aHuman-animal relationships _vFiction. _95676174 |
|
| 650 | 0 |
_aWildfires _vFiction. _95803856 |
|
| 650 | 0 |
_aSurvival _vFiction. _95673621 |
|
| 655 | 7 |
_aNovels. _2lcgft |
|
| 776 | 0 | 8 | _iOnline version: |
| 776 | 0 | 8 |
_aCameron, W. Bruce. _tDog's courage _dNew York : Forge, 2021 _z9781250257635 _w(DLC) 2021008747 |
| 999 |
_c361335 _d361335 |
||